[Event "Helsingor Xtracon op"]
[Site "Helsingor"]
[Date "2018.07.22"]
[Round "3"]
[White "Finnsson, Eli W"]
[Black "Skovgaard, Ib"]
[Result "1-0"]
[WhiteElo "1606"]
[BlackElo "1934"]
[PlyCount "105"]
[EventDate "2018.07.21"]
[EventType "swiss"]
[EventRounds "10"]
[EventCountry "DEN"]
[SourceTitle "CBM 185 Extra"]
[Source "ChessBase"]
[SourceDate "2018.07.29"]
[SourceVersion "1"]
[SourceVersionDate "2018.07.29"]
[SourceQuality "1"]

1. e4 c5 2. Nf3 e6 3. d4 cxd4 4. Nxd4 Nf6 5. Nc3 e5 6. Ndb5 d6 7. Bg5 a6 8. Na3 b5 9. Bxf6 gxf6 10. Nd5 Be6 11. c3 Nd7 12. Nc2 Nc5 13. Qf3 Bxd5 14. exd5 Rg8 15. g3 Bh6 16. Be2 Qd7 17. Ne3 Bxe3 18. fxe3 f5 19. Rf1 Rg5 20. 0-0-0 b4 21. cxb4 Ne4 22. Kb1 Rb8 23. Bd3 Rxb4 24. Bxe4 Rxe4 25. Rc1 Qb5 26. h4 Qd3+ 27. Ka1 Rxe3 28. Qf2 Rgxg3 29. Rfd1 Qe4 30. Re1 Rxe1 31. Rxe1 Rf3 32. Qg1 Qxh4 33. Qg8+ Ke7 34. Rc1 Qh5 35. Rc7+ Kf6 36. Qd8+ Kg7 37. Rc1 Qg6 38. a4 Rg3 39. Rc8 Rg4 40. Qf8+ Kf6 41. Qxd6+ Kg5 42. Qxe5 Rxa4+ 43. Kb1 Rg4 44. d6 Rg1+ 45. Rc1 Rxc1+ 46. Kxc1 Qf6 47. Qc5 Qe6 48. Qc7 Qe1+ 49. Kc2 Qe2+ 50. Kc3 Qe5+ 51. Kc4 Kf6 52. Qd8+ Ke6 53. Qe7# 1-0

[Event "Nordic-ch U20"]
[Site "Heinola"]
[Date "2018.02.11"]
[Round "5"]
[White "Finnsson, Eli W"]
[Black "Kivimaki, Kasper"]
[Result "0-1"]
[WhiteElo "1595"]
[BlackElo "1738"]
[PlyCount "118"]
[EventDate "2018.02.09"]
[EventType "swiss"]
[EventRounds "6"]
[EventCountry "FIN"]
[SourceTitle "EXT 2019"]
[Source "ChessBase"]
[SourceDate "2018.10.10"]
[SourceVersion "1"]
[SourceVersionDate "2018.10.10"]
[SourceQuality "1"]

1. e4 c6 2. d4 d5 3. exd5 cxd5 4. Nf3 Nc6 5. c3 Qc7 6. g3 Nf6 7. Bf4 Qb6 8. Qb3 Qxb3 9. axb3 Bg4 10. Nbd2 e6 11. Bb5 Nd7 12. h3 Bxf3 13. Nxf3 Be7 14. 0-0 0-0 15. Rfe1 Bf6 16. g4 g6 17. Kg2 Rfc8 18. h4 a6 19. Bd3 b5 20. h5 b4 21. hxg6 hxg6 22. Bxa6 Re8 23. Bb5 Rxa1 24. Rxa1 Rc8 25. cxb4 Nb6 26. Bxc6 Rxc6 27. Rc1 Rxc1 28. Bxc1 Kf8 29. Bd2 Ke8 30. g5 Bg7 31. Ne5 Bxe5 32. dxe5 Kd7 33. b5 Kc7 34. Be3 Kb7 35. Kf3 Na8 36. b6 Nxb6 37. Bxb6 Kxb6 38. Ke3 Kb5 39. Kd3 Kc5 40. Kc3 Kb5 41. b4 Ka4 42. b5 Kxb5 43. Kb3 Kc5 44. Kc3 Kb5 45. Kb3 Kb6 46. Kc2 Ka5 47. Kc3 Ka4 48. f3 Ka5 49. Kd2 Kb4 50. Kc2 Kc4 51. b3+ Kd4 52. f4 Ke4 53. Kc3 d4+ 54. Kd2 Kxf4 55. Kd3 Kxe5 56. b4 Kd5 57. b5 e5 58. b6 e4+ 59. Kd2 Kc6 0-1

[Event "Nordic-ch U20"]
[Site "Heinola"]
[Date "2018.02.11"]
[Round "6"]
[White "Le Besq, Alexander"]
[Black "Finnsson, Eli W"]
[Result "1-0"]
[WhiteElo "2125"]
[BlackElo "1595"]
[PlyCount "69"]
[EventDate "2018.02.09"]
[EventType "swiss"]
[EventRounds "6"]
[EventCountry "FIN"]
[SourceTitle "EXT 2019"]
[Source "ChessBase"]
[SourceDate "2018.10.10"]
[SourceVersion "1"]
[SourceVersionDate "2018.10.10"]
[SourceQuality "1"]

1. e4 c5 2. Nf3 d6 3. d4 cxd4 4. Nxd4 Nf6 5. Nc3 a6 6. Be3 e5 7. Nb3 Be6 8. Be2 Be7 9. g4 0-0 10. h4 b5 11. g5 Ne8 12. Qd2 Nd7 13. f4 exf4 14. Bxf4 Nc5 15. Nd4 b4 16. Nd5 Bxd5 17. exd5 Nc7 18. Nc6 Qd7 19. 0-0-0 Rfc8 20. Bg4 Qxg4 21. Nxe7+ Kh8 22. Rhg1 Qd7 23. Nxc8 Rxc8 24. Kb1 a5 25. h5 Nb5 26. Rde1 Na4 27. Rg3 Nbc3+ 28. bxc3 bxc3 29. Qc1 Nb2 30. Rxc3 Rxc3 31. Qxb2 Rc5 32. Ka1 Rb5 33. Re7 Qxe7 34. Qxb5 Qe1+ 35. Kb2 1-0

[Event "Nordic-ch U20"]
[Site "Heinola"]
[Date "2018.02.10"]
[Round "3"]
[White "Nass, Sara"]
[Black "Finnsson, Eli W"]
[Result "1-0"]
[WhiteElo "1966"]
[BlackElo "1595"]
[PlyCount "69"]
[EventDate "2018.02.09"]
[EventType "swiss"]
[EventRounds "6"]
[EventCountry "FIN"]
[SourceTitle "EXT 2019"]
[Source "ChessBase"]
[SourceDate "2018.10.10"]
[SourceVersion "1"]
[SourceVersionDate "2018.10.10"]
[SourceQuality "1"]

1. e4 c5 2. Nf3 d6 3. Nc3 Nf6 4. e5 dxe5 5. Nxe5 Nbd7 6. d4 e6 7. Bb5 a6 8. Bxd7+ Nxd7 9. Qf3 Nxe5 10. dxe5 Be7 11. Qg3 Rg8 12. 0-0 Bd7 13. Rd1 Qc7 14. Ne4 0-0-0 15. Bg5 Bxg5 16. Nxg5 Bc6 17. Rxd8+ Rxd8 18. Nxh7 Be4 19. Qxg7 Bxc2 20. Ng5 Qd7 21. h4 Bg6 22. Rc1 b6 23. Nf3 Bh5 24. g4 Qd3 25. Kg2 Bg6 26. h5 Be4 27. Qxf7 Rd7 28. Qf8+ Kb7 29. Rc3 Qb1 30. Re3 Rd1 31. Kg3 Rg1+ 32. Nxg1 Qxg1+ 33. Kh4 Qh2+ 34. Kg5 Qxe5+ 35. Kh6 1-0

[Event "Nordic-ch U20"]
[Site "Heinola"]
[Date "2018.02.09"]
[Round "2"]
[White "Finnsson, Eli W"]
[Black "Tumanov, Dmitri"]
[Result "1/2-1/2"]
[WhiteElo "1595"]
[BlackElo "2133"]
[PlyCount "51"]
[EventDate "2018.02.09"]
[EventType "swiss"]
[EventRounds "6"]
[EventCountry "FIN"]
[SourceTitle "EXT 2019"]
[Source "ChessBase"]
[SourceDate "2018.10.10"]
[SourceVersion "1"]
[SourceVersionDate "2018.10.10"]
[SourceQuality "1"]

1. e4 c5 2. Nf3 e6 3. d4 cxd4 4. Nxd4 Nf6 5. Nc3 Nc6 6. Bg5 h6 7. Bh4 Bb4 8. Nxc6 bxc6 9. Bd3 Qa5 10. Bxf6 gxf6 11. Qd2 d5 12. exd5 cxd5 13. 0-0 Bd7 14. a3 Bxc3 15. bxc3 Rc8 16. Qf4 Qxc3 17. Rab1 Ke7 18. Rb7 e5 19. Rxd7+ Kxd7 20. Qxf6 Rb8 21. Bf5+ Kc7 22. Qxf7+ Kb6 23. Bd3 e4 24. Rb1+ Kc6 25. Qe6+ Kc7 26. Qe7+ 1/2-1/2

[Event "FAI-chT2 1617"]
[Site "Faroe Islands"]
[Date "2017.01.28"]
[Round "6.2"]
[White "Hansen, Joannes V"]
[Black "Finnsson, Eli W"]
[Result "1-0"]
[WhiteElo "1772"]
[BlackElo "1661"]
[PlyCount "79"]
[EventDate "2016.10.23"]
[EventType "team-tourn"]
[EventRounds "10"]
[EventCountry "FAI"]
[SourceTitle "EXT 2020"]
[Source "ChessBase"]
[SourceDate "2019.10.17"]
[SourceVersion "1"]
[SourceVersionDate "2019.10.17"]
[SourceQuality "1"]
[WhiteTeam "Havnin IV"]
[BlackTeam "Havnin III"]
[WhiteTeamCountry "FAI"]
[BlackTeamCountry "FAI"]

1. e4 e6 2. d3 d5 3. Nd2 Nf6 4. Ngf3 c5 5. g3 Nc6 6. Bg2 g6 7. 0-0 Bg7 8. Re1 0-0 9. c3 b6 10. Qc2 Bb7 11. a3 Qc7 12. Nf1 dxe4 13. dxe4 Rad8 14. Bf4 e5 15. Bg5 Ba6 16. Rad1 h6 17. Bxf6 Bxf6 18. Ne3 Ne7 19. c4 Bb7 20. Nd5 Nxd5 21. cxd5 b5 22. Rc1 Be7 23. a4 b4 24. Qd2 c4 25. Qxh6 c3 26. bxc3 bxc3 27. Ng5 Bxg5 28. Qxg5 Ba6 29. Qe3 Rc8 30. Bh3 f5 31. exf5 gxf5 32. Qxe5 Qxe5 33. Rxe5 Bd3 34. Bf1 Be4 35. Bg2 Rc4 36. Bxe4 fxe4 37. d6 Rd8 38. Rd5 Kf7 39. f3 exf3 40. Rd3 1-0

[Event "FAI-chT2 1415"]
[Site "Faroe Islands"]
[Date "2015.03.01"]
[Round "9.4"]
[White "Finnsson, Eli W"]
[Black "Stora, Borgar J"]
[Result "1-0"]
[WhiteElo "1420"]
[BlackElo "1337"]
[PlyCount "131"]
[EventDate "2014.10.26"]
[EventType "team-tourn"]
[EventRounds "10"]
[EventCountry "FAI"]
[SourceTitle "EXT 2019"]
[Source "ChessBase"]
[SourceDate "2018.10.10"]
[SourceVersion "1"]
[SourceVersionDate "2018.10.10"]
[SourceQuality "1"]
[WhiteTeam "Havnin III"]
[BlackTeam "Vestmanna II"]
[WhiteTeamCountry "FAI"]
[BlackTeamCountry "FAI"]

1. d4 d5 2. c4 c6 3. Nc3 g6 4. e3 Bg7 5. cxd5 cxd5 6. Nge2 Nf6 7. Ng3 0-0 8. Bd3 Nc6 9. f3 e5 10. dxe5 Nxe5 11. Bc2 Re8 12. 0-0 Nc6 13. Nge2 Be6 14. a3 a6 15. Re1 Qd7 16. Na4 Rad8 17. Nc5 Qe7 18. Nb3 b6 19. Nbd4 Nxd4 20. Nxd4 Qc5 21. b4 Qc7 22. Bb2 Bc8 23. Rc1 Qd6 24. Bd3 Bb7 25. b5 a5 26. Rc2 Rc8 27. Qc1 Rxc2 28. Qxc2 Rc8 29. Qd2 Nd7 30. f4 Nc5 31. Rc1 Rc7 32. Bc2 a4 33. Bc3 Bxd4 34. Bxd4 Qe6 35. Bxa4 Ne4 36. Qe1 Rxc1 37. Qxc1 Nc5 38. Bxc5 bxc5 39. Qxc5 Qe4 40. Qd4 Qe8 41. Qe5 Qc8 42. b6 f6 43. Qe8+ Qxe8 44. Bxe8 Kf8 45. Bb5 Ke7 46. a4 Kd6 47. a5 Kc5 48. a6 Bxa6 49. Bxa6 Kxb6 50. Bd3 Kc5 51. Kf2 d4 52. e4 Kd6 53. g4 h6 54. h4 g5 55. fxg5 fxg5 56. hxg5 hxg5 57. Be2 Ke6 58. Bf3 Ke5 59. Ke2 Kf4 60. Kd3 Kxf3 61. e5 Kxg4 62. e6 Kf4 63. e7 g4 64. e8Q g3 65. Qf7+ Kg4 66. Qf1 1-0

[Event "FAI-chT2 1415"]
[Site "Faroe Islands"]
[Date "2015.01.24"]
[Round "7.4"]
[White "Finnsson, Eli W"]
[Black "Johannesen, Joen Pauli"]
[Result "0-1"]
[WhiteElo "1420"]
[BlackElo "1719"]
[PlyCount "72"]
[EventDate "2014.10.26"]
[EventType "team-tourn"]
[EventRounds "10"]
[EventCountry "FAI"]
[SourceTitle "EXT 2019"]
[Source "ChessBase"]
[SourceDate "2018.10.10"]
[SourceVersion "1"]
[SourceVersionDate "2018.10.10"]
[SourceQuality "1"]
[WhiteTeam "Havnin III"]
[BlackTeam "Vestmanna"]
[WhiteTeamCountry "FAI"]
[BlackTeamCountry "FAI"]

1. e4 c6 2. d4 d5 3. e5 Bf5 4. Bd3 Bxd3 5. Qxd3 e6 6. Nc3 Ne7 7. Bg5 Qc7 8. Nf3 Nd7 9. Bxe7 Bxe7 10. 0-0-0 0-0-0 11. h4 h6 12. g4 a6 13. g5 hxg5 14. hxg5 g6 15. Rdg1 c5 16. Rxh8 Rxh8 17. Re1 cxd4 18. Qxd4 Qc5 19. Ne2 Kc7 20. c3 b6 21. b4 Qc6 22. Kb2 Kb7 23. Qf4 Rh7 24. Ned4 Qc7 25. Nc2 b5 26. Ne3 Nb6 27. Ng4 Na4+ 28. Kb1 Qxc3 29. Qd4 Qxf3 30. Ne3 Rh1 31. Rxh1 Qxh1+ 32. Kc2 Qe1 33. Nxd5 exd5 34. Qxd5+ Kb8 35. Qc6 Qe2+ 36. Kc1 Qc4+ 0-1

[Event "Oyri Rokur op"]
[Site "Oyri"]
[Date "2015.01.17"]
[Round "3"]
[White "Nielsen, Rogvi Egilstoft"]
[Black "Finnsson, Eli W"]
[Result "1-0"]
[WhiteElo "2291"]
[BlackElo "1422"]
[PlyCount "41"]
[EventDate "2015.01.16"]
[EventType "swiss"]
[EventRounds "5"]
[EventCountry "FAI"]
[SourceTitle "CBM 164 Extra"]
[Source "ChessBase"]
[SourceDate "2015.03.02"]
[SourceVersion "1"]
[SourceVersionDate "2015.03.02"]
[SourceQuality "1"]

1. e4 e6 2. d4 d5 3. e5 c5 4. c3 Nc6 5. Nf3 h6 6. Bd3 Bd7 7. 0-0 Qb6 8. Re1 0-0-0 9. dxc5 Bxc5 10. Qe2 f6 11. b4 Be7 12. a4 fxe5 13. a5 Qc7 14. b5 Nxa5 15. Nxe5 Be8 16. Bf4 g5 17. Bg3 Bd6 18. c4 Ne7 19. c5 Bxe5 20. Bxe5 Qxc5 21. Nd2 1-0

[Event "Oyri Rokur op"]
[Site "Oyri"]
[Date "2015.01.16"]
[Round "1"]
[White "Nielsen, Suni i Horni"]
[Black "Finnsson, Eli W"]
[Result "0-1"]
[WhiteElo "1000"]
[BlackElo "1422"]
[PlyCount "94"]
[EventDate "2015.01.16"]
[EventType "swiss"]
[EventRounds "5"]
[EventCountry "FAI"]
[SourceTitle "CBM 164 Extra"]
[Source "ChessBase"]
[SourceDate "2015.03.02"]
[SourceVersion "1"]
[SourceVersionDate "2015.03.02"]
[SourceQuality "1"]

1. e4 e5 2. Nf3 Nc6 3. Bc4 Bc5 4. d3 d6 5. 0-0 Bg4 6. Nbd2 Nf6 7. c3 Na5 8. b4 Nxc4 9. Nxc4 Bb6 10. Nxb6 axb6 11. Re1 b5 12. h3 Bh5 13. Re3 b6 14. Qb3 Qd7 15. d4 Bxf3 16. Rxf3 Nxe4 17. dxe5 dxe5 18. Re3 Ng5 19. Rxe5+ Ne6 20. c4 bxc4 21. Qxc4 0-0 22. Qc2 Rad8 23. Rh5 Qd1+ 24. Qxd1 Rxd1+ 25. Kh2 Rfd8 26. Bb2 Rxa1 27. Bxa1 f6 28. a4 Rd2 29. f3 Ra2 30. Bc3 Rxa4 31. Rh4 g5 32. Rc4 Kf7 33. Bd2 Ra2 34. Be3 Ke7 35. Kg3 f5 36. f4 gxf4+ 37. Bxf4 Ra3+ 38. Kh4 b5 39. Rc1 Nxf4 40. Rxc7+ Kf6 41. Rxh7 Ng6+ 42. Kh5 Rb3 43. Rh6 Rg3 44. h4 Rg4 45. g3 Rxg3 46. Rh7 Nf4+ 47. Kh6 Rg6# 0-1

[Event "FAI-chT2 1415"]
[Site "Faroe Islands"]
[Date "2014.11.08"]
[Round "4.4"]
[White "Andreasen, Niels"]
[Black "Finnsson, Eli W"]
[Result "0-1"]
[WhiteElo "1000"]
[BlackElo "1420"]
[PlyCount "120"]
[EventDate "2014.10.26"]
[EventType "team-tourn"]
[EventRounds "10"]
[EventCountry "FAI"]
[SourceTitle "CBM 163 Extra"]
[Source "ChessBase"]
[SourceDate "2014.12.23"]
[SourceVersion "1"]
[SourceVersionDate "2014.12.23"]
[SourceQuality "1"]
[WhiteTeam "Vestmanna II"]
[BlackTeam "Havnin III"]
[WhiteTeamCountry "FAI"]
[BlackTeamCountry "FAI"]

1. d4 d5 2. Nf3 Nf6 3. g3 e6 4. Bg2 c5 5. Bg5 Be7 6. 0-0 h6 7. Bxf6 Bxf6 8. e3 Nc6 9. c3 cxd4 10. cxd4 0-0 11. Nc3 b6 12. e4 dxe4 13. Nxe4 Bxd4 14. Nxd4 Qxd4 15. Qxd4 Nxd4 16. Nf6+ gxf6 17. Bxa8 Ba6 18. Rfd1 Ne2+ 19. Kg2 Rxa8 20. Rd7 Bc4 21. Kf3 e5 22. b3 Bb5 23. Rd6 Nd4+ 24. Kg4 Be2+ 25. Kh3 Kg7 26. f4 Bf3 27. Rf1 Be4 28. fxe5 fxe5 29. Re1 f5 30. Rc1 Bc2 31. Rd5 Kf6 32. Rd6+ Kg5 33. Rxd4 exd4 34. Rxc2 d3 35. Rd2 Rd8 36. Kg2 h5 37. Kf3 a6 38. h3 Rd5 39. h4+ Kf6 40. Ke3 Ke5 41. Rxd3 Rxd3+ 42. Kxd3 f4 43. Ke2 Ke4 44. Kf2 fxg3+ 45. Kxg3 a5 46. a4 Ke3 47. Kg2 Kf4 48. Kf2 Kg4 49. Ke2 Kxh4 50. Kd3 Kg3 51. Kc4 h4 52. Kb5 h3 53. Kxb6 h2 54. Kxa5 h1Q 55. b4 Qa8+ 56. Kb5 Qb7+ 57. Ka5 Kf4 58. b5 Ke5 59. b6 Kd6 60. Kb5 Qc6+ 0-1

[Event "FAI-chT2 1213"]
[Site "Faroe Islands"]
[Date "2013.02.17"]
[Round "8.4"]
[White "Finnsson, Eli W"]
[Black "Johannesen, Hakun"]
[Result "1-0"]
[WhiteElo "1385"]
[BlackElo "1383"]
[PlyCount "47"]
[EventDate "2012.10.28"]
[EventType "team-tourn"]
[EventRounds "10"]
[EventCountry "FAI"]
[SourceTitle "EXT 2014"]
[Source "ChessBase"]
[SourceDate "2013.11.20"]
[SourceVersion "1"]
[SourceVersionDate "2013.11.20"]
[SourceQuality "1"]
[WhiteTeam "Havnin II"]
[BlackTeam "Skopun"]
[WhiteTeamCountry "FAI"]
[BlackTeamCountry "FAI"]

1. e4 e5 2. Nf3 Nc6 3. Bc4 Be7 4. d4 exd4 5. Nxd4 Ne5 6. Bb3 d6 7. 0-0 Nf6 8. f4 Ng6 9. Nc3 0-0 10. Qe1 c6 11. e5 dxe5 12. fxe5 Qxd4+ 13. Kh1 Qxe5 14. Bf4 Qxe1 15. Raxe1 Bb4 16. Be5 Nxe5 17. Rxe5 Ng4 18. Re4 Nf6 19. Rxb4 b6 20. Rd4 Bb7 21. Ne4 Nxe4 22. Rxe4 Bc8 23. Rxf7 Rxf7 24. Re8# 1-0

[Event "FAI-chT2 1213"]
[Site "Faroe Islands"]
[Date "2013.01.19"]
[Round "7.4"]
[White "Bertholdsen, Bjarki"]
[Black "Finnsson, Eli W"]
[Result "0-1"]
[WhiteElo "1000"]
[BlackElo "1385"]
[PlyCount "128"]
[EventDate "2012.10.28"]
[EventType "team-tourn"]
[EventRounds "10"]
[EventCountry "FAI"]
[SourceTitle "EXT 2014"]
[Source "ChessBase"]
[SourceDate "2013.11.20"]
[SourceVersion "1"]
[SourceVersionDate "2013.11.20"]
[SourceQuality "1"]
[WhiteTeam "Klaksvik III"]
[BlackTeam "Havnin II"]
[WhiteTeamCountry "FAI"]
[BlackTeamCountry "FAI"]

1. e4 e5 2. Nf3 Nc6 3. Bc4 Nf6 4. d3 h6 5. 0-0 Bc5 6. Nbd2 d6 7. Re1 Be6 8. Bxe6 fxe6 9. Nf1 Qe7 10. Ng3 0-0-0 11. c3 g5 12. d4 Bb6 13. d5 exd5 14. exd5 Nb8 15. Be3 Bxe3 16. Rxe3 Nbd7 17. Nf5 Qf7 18. Qd3 Nc5 19. Qc4 Kb8 20. b4 Ncd7 21. Nd2 Qxd5 22. Ne7 Qxd2 23. Re2 Qf4 24. Qd3 Ng4 25. Qh3 Qf7 26. Qxg4 Qxe7 27. Rc1 Nf6 28. Qf5 Rhf8 29. c4 Nd5 30. Qb1 Nf4 31. Rec2 d5 32. g3 Nd3 33. Rd1 Qxb4 34. Qxb4 Nxb4 35. Rb2 Nc6 36. cxd5 Nd4 37. Rdb1 b6 38. Rb4 Ne2+ 39. Kf1 Nc3 40. Re1 Rxd5 41. Rb3 Na4 42. Rbe3 Rd2 43. Rxe5 Rfxf2+ 44. Kg1 Rg2+ 45. Kh1 Rxh2+ 46. Kg1 Rhg2+ 47. Kh1 Rxa2 48. Rc1 Rge2 49. Rd5 Rad2 50. Rd1 Rxd1+ 51. Rxd1 a5 52. Rd8+ Kb7 53. Rh8 Re6 54. Kg2 b5 55. Kf3 b4 56. Rf8 b3 57. Rf5 Kc6 58. Rxa5 b2 59. Ra6+ Nb6 60. Ra3 b1Q 61. Rc3+ Kd5 62. Rd3+ Qxd3+ 63. Kg4 c5 64. Kh3 Qf3 0-1

[Event "FAI-chT2 1213"]
[Site "Faroe Islands"]
[Date "2012.11.18"]
[Round "3.4"]
[White "Johannesen, Hakun"]
[Black "Finnsson, Eli W"]
[Result "1-0"]
[WhiteElo "1383"]
[BlackElo "1385"]
[PlyCount "109"]
[EventDate "2012.10.28"]
[EventType "team-tourn"]
[EventRounds "10"]
[EventCountry "FAI"]
[SourceTitle "EXT 2014"]
[Source "ChessBase"]
[SourceDate "2013.11.20"]
[SourceVersion "1"]
[SourceVersionDate "2013.11.20"]
[SourceQuality "1"]
[WhiteTeam "Skopun"]
[BlackTeam "Havnin II"]
[WhiteTeamCountry "FAI"]
[BlackTeamCountry "FAI"]

1. d4 Nf6 2. c4 e6 3. Nf3 d5 4. Bg5 Nbd7 5. Nc3 Bb4 6. Qb3 Bxc3+ 7. Qxc3 Ne4 8. Bxd8 Nxc3 9. Bxc7 Na4 10. b3 Nc3 11. Ba5 Ne4 12. cxd5 exd5 13. e3 b6 14. Bb4 a5 15. Ba3 Ba6 16. Bxa6 Rxa6 17. Rc1 Kd8 18. 0-0 b5 19. Rc2 b4 20. Bb2 Ke7 21. Rfc1 f6 22. Ne1 Rb8 23. f3 Nd6 24. Nd3 Raa8 25. Rc7 Nb5 26. R7c6 Na7 27. Ra6 Nb5 28. Rxa8 Rxa8 29. Rc6 Ra7 30. Nf4 Nc7 31. Kf2 Kd8 32. Ke2 a4 33. Rc2 a3 34. Bc1 g5 35. Nd3 Rb7 36. Bd2 Na6 37. Rc6 Nab8 38. Rd6 Ke7 39. Rxd5 Nc6 40. Nc5 Nxc5 41. Rxc5 Kd6 42. Rc4 f5 43. Kd3 h5 44. e4 f4 45. g3 fxg3 46. hxg3 h4 47. Bxg5 Na5 48. Rc2 hxg3 49. Bf4+ Ke6 50. Bxg3 Rh7 51. d5+ Kf6 52. Be1 Rb7 53. Rc5 Nxb3 54. axb3 a2 55. Ra5 1-0